000 01075cam a22002894a 4500
999 _c119240
_d119240
001 13576062
003 ARRUPE
005 20171201093656.0
008 030220s2002 be b 001 0 fre c
010 _a 2004412054
020 _a2872991085
035 _a(OCoLC)ocm51816467
040 _aTZT
_beng
_cTZT
_dCGU
_dDLC
042 _apcc
050 0 0 _aBX2179.L8
_bN85 2002
100 0 _aNtima Nkanza,
_d1963-
_95622
245 1 2 _aL'expérience de Dieu :
_bles Exercices spirituels d'Ignace de Loyola à la lumière de la phénoménologie de Richard Schaeffler /
_cNtima Nkanza.
260 _aBruxelles :
_bEditions Lessius :
_bDiffusion Cerf,
_cc2002.
300 _a380 p. ;
_c21 cm.
440 0 _aDonner raison ;
_v10
_95623
504 _aIncludes bibliographical references (p. [367]-373) and index.
600 0 0 _aSchaeffler, Richard
_95624
_xPhilosophy
650 _aSpiritual exercises
_xCriticism
_932276
906 _a7
_bcbc
_cpccadap
_d2
_encip
_f20
_gy-gencatlg
942 _2lcc
_cMONOGRAPH
_01